000 00241nam a22001217a 4500
020 _a1-84557-272-6
082 _a001
_bRIS/C
245 _aTHE CIRCULATORY SYSTEM
260 _aUK
_bRISING SUN
300 _a31
650 _aGK
_zUK
942 _cBK
999 _c6269
_d6269